| 000 | 00000nas 2200000za 4500 |
| 001 | 9.848351 |
| 003 | CaOODSP |
| 005 | 20221107153644 |
| 007 | cr ||||||||||| |
| 008 | 171206d19901999quc x p ofrs f0###b0fre|d |
| 040 | |aCaOODSP|bfre |
| 043 | |an-cn-qu |
| 086 | 1 |aR72-221F-PDF|zR72-221/1991F-PDF |
| 245 | 00|aGuide des collectivités indiennes du Québec |h[ressource électronique]. |
| 260 | |a[Québec] : |bAffaires indiennes et du Nord Canada, Région du Québec, |c1990-1999. |
| 362 | 1 |aParaît depuis 1990 ; ne paraît plus après 1998. |
| 500 | |aÉdition numérisée de l’imprimé [par Affaires autochtones et du Nord Canada]. |
| 500 | |aPubl. aussi en anglais sous le titre : Quebec Indian community guide. |
| 530 | |aÉgalement publ. en imprimé. |
| 692 | 07|2gccst|aRéserve autochtone |
| 692 | 07|2gccst|aDéveloppement communautaire |
| 692 | 07|2gccst|aAutonomie gouvernementale |
| 710 | 1 |aCanada.|bAffaires indiennes et du Nord Canada.|bRégion du Québec. |
| 775 | 08|tQuebec Indian community guide |w(CaOODSP)9.848344 |
| 785 | 00|tGuide des collectivités indiennes du Québec |w(CaOODSP)9.850557 |